रिल्के से राइषर्ट तक : (Record no. 117513)
[ view plain ]
| 000 -LEADER | |
|---|---|
| fixed length control field | 01376nam a22002777a 4500 |
| 005 - DATE AND TIME OF LATEST TRANSACTION | |
| control field | 20170124103057.0 |
| 010 ## - LIBRARY OF CONGRESS CONTROL NUMBER | |
| LC control number | A-984501 |
| 020 ## - INTERNATIONAL STANDARD BOOK NUMBER | |
| Terms of availability | 180.00 |
| 035 ## - SYSTEM CONTROL NUMBER | |
| System control number | A-984501 |
| 037 ## - SOURCE OF ACQUISITION | |
| Source of stock number/acquisition | Cen Lib/Ret |
| 040 ## - CATALOGING SOURCE | |
| Original cataloging agency | DPL |
| Language of cataloging | HN |
| 082 ## - DEWEY DECIMAL CLASSIFICATION NUMBER | |
| Classification number | क |
| Item number | रिल्केसे |
| 245 ## - TITLE STATEMENT | |
| Title | रिल्के से राइषर्ट तक : |
| Statement of responsibility, etc | सम्पादक अमृत मेहता |
| Remainder of title | आस्ट्रियाई साहित्य की एक झलक / |
| 246 ## - VARYING FORM OF TITLE | |
| Title proper/short title | Rilke se raishart tak : Austriyai sahitye se ek jhalak / |
| Remainder of title | sampadak Amrit Mehta |
| 260 ## - PUBLICATION, DISTRIBUTION, ETC. (IMPRINT) | |
| Place of publication, distribution, etc | दिल्ली |
| Name of publisher, distributor, etc | बी.आर.पब्लिशिंग कार्पोरेशन |
| Date of publication, distribution, etc | 1999 |
| 270 ## - ADDRESS | |
| City | दिल्ली |
| Address | 3779, प्रथम मंजिल, कन्हैया नगर, त्री नगर |
| Postal code | 110035 |
| 300 ## - PHYSICAL DESCRIPTION | |
| Extent | vii,77पृ. |
| Dimensions | 20सेमी(सजिल्द) |
| 490 ## - SERIES STATEMENT | |
| Series statement | न्यू वर्ल्ड लिटरेचर सीरीज 116 |
| 500 ## - GENERAL NOTE | |
| General note | अनुक्रमाणिका शामिल |
| 650 ## - SUBJECT ADDED ENTRY--TOPICAL TERM | |
| Topical term or geographic name as entry element | हिन्दी -- साहित्य |
| 9 (RLIN) | 76310 |
| 650 ## - SUBJECT ADDED ENTRY--TOPICAL TERM | |
| Topical term or geographic name as entry element | हिन्दी कहानियाँ |
| 9 (RLIN) | 76311 |
| 650 ## - SUBJECT ADDED ENTRY--TOPICAL TERM | |
| Topical term or geographic name as entry element | Hindi -- literature |
| 9 (RLIN) | 76312 |
| 650 ## - SUBJECT ADDED ENTRY--TOPICAL TERM | |
| Topical term or geographic name as entry element | Hindi stories |
| 9 (RLIN) | 76313 |
| 700 ## - ADDED ENTRY--PERSONAL NAME | |
| Personal name | मेहता, अमृत |
| 9 (RLIN) | 76314 |
| 942 ## - ADDED ENTRY ELEMENTS (KOHA) | |
| Source of classification or shelving scheme | Dewey Decimal Classification |
| Koha item type | Hindi Books |
| Classification part | क |
| Call number suffix | रिल्केसे |
| Withdrawn status | Lost status | Damaged status | Not for loan | Home library | Current library | Date acquired | Source of acquisition | Cost, normal purchase price | Total Checkouts | Full call number | Barcode | Date last seen | Copy number | Cost, replacement price | Price effective from | Koha item type |
|---|---|---|---|---|---|---|---|---|---|---|---|---|---|---|---|---|
| Central Library | Central Library | 04/09/2015 | Cen Lib/Ret | 180.00 | क रिल्केसे | A-984501 | 04/09/2015 | 1 | 180.00 | 04/09/2015 | Hindi Books |
